| 000 | 00740nam a2200229Ia 4500 | ||
|---|---|---|---|
| 003 | GCL | ||
| 008 | 140319s9999 xx 000 0 ara d | ||
| 040 |
_aGCL / _cGCL |
||
| 082 | 0 | 4 |
_aق _b338.3 _bع ط |
| 100 | 1 | _aعبدالسلام عبدالحليم عامر | |
| 245 | 1 | 0 |
_aطوائف الحرف فى مصر من 1805 - 1914 / _cعبدالسلام عبدالحليم عامر |
| 260 |
_a[S.N] : _bالهيئة المصرية العامة للكتاب ، _c1993 |
||
| 300 | _a314 ص | ||
| 490 |
_aمصر النهضة _v0 |
||
| 650 | 0 | 4 | _aمصر |
| 650 | 0 | 4 | _aتاريخ |
| 650 | 0 | 4 | _aالصناعات اليدوية |
| 650 | 0 | 4 | _aالحرف اليدوية |
| 650 | 0 | 4 | _aالمهن |
| 650 | 0 | 4 | _aالقاهرة |
| 942 |
_2ddc _cBK |
||
| 999 |
_c36349 _d36349 |
||